Central Library OPAC University of Rajshahi

Microcredit Management in Bangladesh : (Record no. 76531)

MARC details
000 -LEADER
fixed length control field 00684nam a22002297a 4500
001 - CONTROL NUMBER
control field 76531
003 - CONTROL NUMBER IDENTIFIER
rucl marc code BD-RjUL
005 - DATE AND TIME OF LATEST TRANSACTION
control field 20211209082845.0
008 - FIXED-LENGTH DATA ELEMENTS--GENERAL INFORMATION
fixed length control field 191218s2019 bg ||||| b||| 00| 0 eng d
020 ## - INTERNATIONAL STANDARD BOOK NUMBER
International Standard Book Number 9789843447357
035 ## - SYSTEM CONTROL NUMBER
System control number (BD-RjUL)
040 ## - CATALOGING SOURCE
Original cataloging agency BD-RjUL
Language of cataloging eng
Transcribing agency BD-RjUL
041 ## - LANGUAGE CODE
Language code of text/sound track or separate title eng
082 ## - DEWEY DECIMAL CLASSIFICATION NUMBER
Edition number 23
Classification number 332.095492
Author mark and year ALM 2019
100 ## - MAIN ENTRY--PERSONAL NAME
Personal name Ali, Mohd. Sher
9 (RLIN) 236555
245 ## - TITLE STATEMENT
Title Microcredit Management in Bangladesh :
Remainder of title a comparative analysis /
Statement of responsibility, etc. Mohd. Sher Ali
260 ## - PUBLICATION, DISTRIBUTION, ETC. (IMPRINT)
Place of publication, distribution, etc. Dhaka :
Name of publisher, distributor, etc. Fairplay publications,
Date of publication, distribution, etc. 2019
300 ## - PHYSICAL DESCRIPTION
Pagination xvii, 227 p. :
Illustrations tables ;
Size 22 cm.
504 ## - BIBLIOGRAPHY, ETC. NOTE
Bibliography, etc Includes bibliography
650 ## - SUBJECT ADDED ENTRY--TOPICAL TERM
Topical term or geographic name as entry element Microfinance
Geographic subdivision Bangladesh.
9 (RLIN) 236556
942 ## - ADDED ENTRY ELEMENTS (KOHA)
Source of classification or shelving scheme Dewey Decimal Classification
Koha item type Books
Holdings
Lost status Source of classification or shelving scheme Damaged status Not for loan Permanent Location Current Location Shelving location Date acquired Source of acquisition Cost, normal purchase price Total Checkouts Full call number Date last seen Copy number Koha item type
  Dewey Decimal Classification   Not For Loan Central Library, University of Rajshahi Central Library, University of Rajshahi Reading Room 11/12/2019 Author 500.00   332.095492 ALM 2019 18/12/2019 C-1 Books
  Dewey Decimal Classification     Central Library, University of Rajshahi Central Library, University of Rajshahi   11/12/2019 Author 500.00   332.095492 ALM 2019 18/12/2019 C-2 Books